Tuyển chọn những bài ôn luyện thi vào Đại học, Cao đẳng môn Vật lý

Salvato in:
Dettagli Bibliografici
Autore principale: Nguyễn, Quang Hậu
Natura: Libro
Lingua:Undetermined
Pubblicazione: Hà Nội Giáo Dục 2004
Soggetti:
Tags: Aggiungi Tag
Nessun Tag, puoi essere il primo ad aggiungerne! !
Thư viện lưu trữ: Trung tâm Học liệu Trường Đại học Cần Thơ
LEADER 00661nam a2200205Ia 4500
001 CTU_92652
008 210402s9999 xx 000 0 und d
020 |c 22500 
082 |a 530.15 
082 |b H125 
100 |a Nguyễn, Quang Hậu 
245 0 |a Tuyển chọn những bài ôn luyện thi vào Đại học, Cao đẳng môn Vật lý 
245 0 |c Nguyễn Quang Hậu, Ngô Quốc Quýnh 
260 |a Hà Nội 
260 |b Giáo Dục 
260 |c 2004 
650 |a Mathematical physics 
650 |x Problems, exercises, etc 
904 |i Mai Loan 
980 |a Trung tâm Học liệu Trường Đại học Cần Thơ